|
|
|
|
| LEADER |
01231nam a22003617a 4500 |
| 001 |
29095 |
| 003 |
BD-DhAAL |
| 005 |
20150407164443.0 |
| 008 |
150407s2006 cau f b 001 0 eng d |
| 010 |
|
|
|a 2004111569
|
| 015 |
|
|
|a GBA490906
|2 bnb
|
| 016 |
7 |
|
|a 013069202
|2 Uk
|
| 020 |
|
|
|a 0534405215 (student edition)
|
| 020 |
|
|
|a 053439499X (hbk.)
|
| 020 |
|
|
|a 0534405231 (instructor's edition)
|
| 035 |
|
|
|a (OCoLC)ocm59130150
|
| 040 |
|
|
|a TKR
|c TKR
|d DLC
|d BD-DhAAL
|
| 042 |
|
|
|a lccopycat
|
| 050 |
0 |
0 |
|a QD415
|b .C36 2006
|
| 082 |
0 |
0 |
|a 572
|2 22
|
| 100 |
1 |
|
|a Campbell, Mary K.
|9 10293
|
| 245 |
1 |
0 |
|a Biochemistry /
|c Mary K. Campbell, Shawn O. Farrell.
|
| 250 |
|
|
|a 5th ed.
|
| 260 |
|
|
|a Pacific Grove, Calif. :
|b Brooks/Cole,
|c 2006.
|
| 300 |
|
|
|a xxiii, 811 p. :
|b ill. ;
|c 29 cm.
|
| 500 |
|
|
|a Previous ed.: Pacific Grove, Calif.; London: Brooks/Cole, 2006.
|
| 504 |
|
|
|a Includes bibliographical references and index.
|
| 541 |
|
|
|e 29095
|
| 650 |
|
0 |
|a Biochemistry.
|9 8164
|
| 700 |
1 |
|
|a Farrell, Shawn O.
|9 10294
|
| 942 |
|
|
|2 ddc
|c BK
|
| 999 |
|
|
|c 34202
|d 34202
|
| 952 |
|
|
|0 0
|1 0
|2 ddc
|4 0
|6 572_000000000000000_CAM
|7 0
|9 53382
|a BRACUL
|b BRACUL
|c GEN
|d 2015-04-07
|l 13
|m 120
|o 572 CAM
|p 3010029095
|r 2025-02-08
|s 2024-01-24
|t 1
|w 2015-04-07
|y BK
|